书目信息 |
| 题名: |
国际商法
|
|
| 作者: | 奥古斯特 , 迈耶 , 比克斯比 著 ;高瑛玮 编译 | |
| 分册: | ||
| 出版信息: | 北京 机械工业出版社 2013 |
|
| 页数: | 12,401页 | |
| 开本: | 26cm | |
| 丛书名: | ||
| 单 册: | ||
| 中图分类: | D996.1 | |
| 科图分类: | ||
| 主题词: | 国际商法--教材 | |
| 电子资源: | ||
| ISBN: | 978-7-111-44116-8 | |
| 000 | 01521nam0 22003131 450 | |
| 001 | 523 | |
| 005 | 20140908110914.62 | |
| 010 | @a978-7-111-44116-8@dCNY69.00 | |
| 100 | @a20131121d2013 em y0chiy50 ea | |
| 101 | 1 | @achi@ceng |
| 102 | @aCN@b110000 | |
| 105 | @ay z 000yy | |
| 106 | @ar | |
| 200 | 1 | @a国际商法@AGuo Ji Shang Fa@dInternational business law: text, cases, and readings@e中国版@EZhong Guo Ban@f(美)雷·奥古斯特(Ray August),(美)唐·迈耶(Don Mayer),(美)迈克尔·比克斯比(Michael Bixby)著@F( Mei ) Lei· Ao Gu Si Te (Ray August),( Mei ) Tang· Mai Ye (Don Mayer),( Mei ) Mai Ke Er· Bi Ke Si Bi (Michael Bixby) Zhu@g高瑛玮编译@zeng |
| 210 | @a北京@c机械工业出版社@d2013 | |
| 215 | @a12,401页@d26cm | |
| 300 | @a华章国际经典教材 | |
| 305 | @a据原书第5版译出 由Pearson Education(培生教育出版集团)授权出版 | |
| 306 | @a本书限中国大陆发行 | |
| 330 | @a本书共13章,不仅涉及国际经贸所需的商事法律知识,还涉及相关的国际公法、国际经济法的内容。本书由国际法和比较法概述、国家责任和环境法、争议解决、跨国企业、外国投资、货币与银行、货物贸易、服务贸易与劳工保护等13个部分组成。 | |
| 510 | 1 | @aInternational business law: text, cases, and readings@zeng |
| 606 | 0 | @a国际商法@j教材 |
| 690 | @aD996.1@v5 | |
| 701 | 0 | @c(美)@a奥古斯特@AAo Gu Si Te@c(August, Ray)@4著 |
| 701 | 0 | @c(美)@a迈耶@AMai Ye@c(Mayer, Don)@4著 |
| 701 | 0 | @c(美)@a比克斯比@ABi Ke Si Bi@c(Bixby, Michael)@4著 |
| 702 | 0 | @a高瑛玮@AGao Ying Wei@4编译 |
| 801 | 0 | @aCN@bTANGWEI@c20140603 |
| 905 | @b0836520-22@dD996.1@e114@f3 | |
| 国际商法=International business law: text, cases, and readings:中国版/(美)雷·奥古斯特(Ray August),(美)唐·迈耶(Don Mayer),(美)迈克尔·比克斯比(Michael Bixby)著/高瑛玮编译.-北京:机械工业出版社,2013 |
| 12,401页;26cm |
| 华章国际经典教材 |
| ISBN 978-7-111-44116-8:CNY69.00 |
| 本书共13章,不仅涉及国际经贸所需的商事法律知识,还涉及相关的国际公法、国际经济法的内容。本书由国际法和比较法概述、国家责任和环境法、争议解决、跨国企业、外国投资、货币与银行、货物贸易、服务贸易与劳工保护等13个部分组成。 |
| ● |
| 相关链接 |
|
|
|
|
正题名:国际商法
索取号:D996.1/114
 
预约/预借
| 序号 | 登录号 | 条形码 | 馆藏地/架位号 | 状态 | 备注 |
| 1 | 0836520 | 208365204 | 第一样本阅览室/ [索取号:D996.1/114] | 在馆 | |
| 2 | 0836521 | 208365213 | 第一借阅区/ [索取号:D996.1/114] | 在馆 | |
| 3 | 0836522 | 208365222 | 密集书库-史法系/ [索取号:D996.1/114] | 在馆 |